[Event "FRA-ch Blitz Online Qual"]
[Site "Europe Echecs INT"]
[Date "2020.05.16"]
[Round "3"]
[White "Lebrun, Mathieu"]
[Black "Pernoud, Claire"]
[Result "0-1"]
[WhiteElo "1177"]
[BlackElo "1428"]
[PlyCount "109"]
[EventDate "2020.05.16"]
[EventType "swiss (blitz)"]
[EventRounds "15"]
[EventCountry "FRA"]
[SourceTitle "CBM 196 Extra"]
[Source "ChessBase"]
[SourceDate "2020.07.31"]
[SourceVersion "1"]
[SourceVersionDate "2020.07.31"]
[SourceQuality "1"]

1. e4 e5 2. Nf3 Nc6 3. d4 exd4 4. Nxd4 Nf6 5. Nc3 Bc5 6. Be3 0-0 7. Nxc6 dxc6 8. Bxc5 Qxd1+ 9. Rxd1 Re8 10. f3 b6 11. Ba3 a5 12. b3 b5 13. Bb2 b4 14. Na4 Be6 15. Nc5 Rad8 16. Nxe6 Rxd1+ 17. Kxd1 Rxe6 18. Bd3 Rd6 19. Ke2 Rd8 20. Rd1 c5 21. e5 Nd5 22. Bc4 Nf4+ 23. Ke1 Rxd1+ 24. Kxd1 Nxg2 25. e6 Ne3+ 26. Ke2 Nxc4 27. exf7+ Kxf7 28. bxc4 g6 29. a3 Ke6 30. c3 b3 31. Kd2 a4 32. Ke3 Ke5 33. h4 h6 34. f4+ Kf5 35. Kf3 h5 36. Bc1 c6 37. Bb2 Kf6 38. Ke4 Ke6 39. Bc1 Kf6 40. Bb2 Ke6 41. Bc1 Kf6 42. f5 gxf5+ 43. Kf4 Ke6 44. Kg5 Ke5 45. Kxh5 f4 46. Kg6 f3 47. h5 f2 48. h6 f1Q 49. h7 Qg1+ 50. Kh6 Qxc1+ 51. Kg7 Qg5+ 52. Kf8 Qh6+ 53. Kg8 Qxh7+ 54. Kxh7 b2 55. Kg6 0-1